Realms of Middle Earth in the 4th Age - Statistics

General Stats
  • This quiz has been taken 25 times
  • The average score is 13 of 21
Answer Stats
Inhabitants Answer % Correct
Hobbits The Shire
95%
Elves Lothlorien
91%
Men, Hobbits Bree-Land
86%
Dwarves Erebor
86%
Men Rohan
86%
Dwarves Khazad Dum
82%
Elves Rivendell
82%
Elves Grey Havens
68%
Men Harad
68%
Men Rhun
68%
Dwarves Iron Hills
64%
Elves Woodland Realm
64%
Men Dale
59%
Men Dunland
55%
Men Khand
55%
Men Woodmen
55%
Dwarves Glittering Caves
41%
Men Reunited Kingdom
41%
Elves Ithilien
32%
Hobbits Buckland
18%
Men Beornings
14%
No matching quizzes found
Score Distribution
Percent of People with Each Score
Percentile by Number Answered
Your Score History
You have not taken this quiz